[Event "Ogolnopolska Olimpiada Mlodziezy w Sportach Umyslowych - C14"]
[Site "Walbrzych, Zamek Ksiaz"]
[Date "2013-04-17"]
[Round "5.6"]
[White "Koziol, Kamil"]
[Black "Adamczyk, Pawel"]
[Result "1/2-1/2"]
[WhiteTitle "I++"]
[BlackTitle "II"]
[WhiteElo "2006"]
[BlackElo "1645"]

1. e4 e5 2. Nf3 Nf6 3. Nxe5 d6 4. Nf3 Nxe4 5. Nc3 Nxc3 6. dxc3 Be7 7. Bf4 Nc6 8.
Qd2 Be6 9. Be2 Qd7 10. Nd4 Nxd4 11. cxd4 d5 12. O-O O-O 13. Rfe1 Rfe8 14. Rad1
Bf5 15. Bf3 Bd6 16. c3 c6 17. Bxd6 Qxd6 18. Re3 Rxe3 19. Qxe3 Qe6 20. Re1 Re8
21. Qxe6 Rxe6 22. Rxe6 Bxe6 23. h4 Kf8 24. Kf1 Ke7 25. Ke2 h6 26. Ke3 g5 27. g3
f6 28. Be2 Kd6 29. Bd3 Ke7 30. Bc2 Kd6 31. b4 b5 32. Bg6 Ke7 33. Bc2 Kd6 34. Bd3
Ke7 35. Bg6 Kf8 36. Kf3 Ke7 37. Bh5 Bd7 38. Ke3 Be6 39. Bd1 Bd7 40. a4 a6 41.
a5 Be6 42. Bh5 Bd7 43. Kf3 f5 44. Ke3 Kf6 45. Be2 Ke7 46. Bd3 Kf6 47. Kf3 Ke7
48. Kg2 Kf6 49. f3 f4 50. hxg5+ 1/2-1/2

[Event "Ogolnopolska Olimpiada Mlodziezy w Sportach Umyslowych - C14"]
[Site "Walbrzych, Zamek Ksiaz"]
[Date "2013-04-17"]
[Round "5.7"]
[White "Zaleski, Lukasz"]
[Black "Walter, Szymon"]
[Result "0-1"]
[WhiteTitle "I"]
[BlackTitle "I+"]
[WhiteElo "1791"]
[BlackElo "1925"]

1. e4 c5 2. Ne2 g6 3. g3 Bg7 4. Bg2 Nc6 5. O-O e6 6. Nbc3 Nge7 7. d3 O-O 8. Be3
Nd4 9. f4 Nec6 10. f5 d6 11. Qd2 exf5 12. Bh6 Nxe2+ 13. Nxe2 fxe4 14. Bxg7 Kxg7
15. dxe4 Qe7 16. Rad1 Rd8 17. Nf4 Be6 18. Qc3+ Ne5 19. Nd3 f6 20. Nf4 b5 21. Bh3
Bf7 22. b3 a5 23. Nd5 Bxd5 24. exd5 Rf8 25. Rde1 b4 26. Qd2 Rae8 27. Be6 Qa7 28.
Qf2 Ra8 29. h4 c4 30. Qxa7+ Rxa7 31. Rd1 Rc7 32. Rc1 Ra8 33. g4 Rc5 34. h5 Rf8
35. Kg2 g5 36. Rfd1 Ra8 37. Bf5 h6 38. Kf2 Ra7 39. Ke2 Re7 40. Kf2 Rec7 41. Ke2
Kf8 42. Rb1 Ke7 43. Ke3 cxb3 44. axb3 Rc3+ 45. Ke2 R7c5 46. Ra1 Rb5 47. Rd2 Rh3
48. Rdd1 Rg3 49. Rg1 Rxg1 50. Rxg1 Rxd5 51. Bd3 Nxd3 52. cxd3 Kd7 53. Rf1 Ke6
54. Rc1 Rc5 55. Ra1 f5 56. gxf5+ Rxf5 57. Rc1 Rc5 58. Ra1 g4 59. Rg1 Kf5 60. d4
Rc2+ 61. Kd1 Rb2 62. Rf1+ Kg5 63. Rf8 g3 64. Rg8+ Kh4 65. Rg6 g2 66. d5 g1=Q+
67. Rxg1 Rb1+ 0-1

[Event "Ogolnopolska Olimpiada Mlodziezy w Sportach Umyslowych - C14"]
[Site "Walbrzych, Zamek Ksiaz"]
[Date "2013-04-17"]
[Round "5.8"]
[White "Choina, Michal"]
[Black "Szostko, Jakub"]
[Result "0-1"]
[WhiteTitle "II"]
[BlackTitle "I+"]
[WhiteElo "1575"]
[BlackElo "1858"]

1. e4 c5 2. Nf3 d6 3. d4 cxd4 4. Nxd4 Nf6 5. Nc3 e6 6. Be3 a6 7. Bd3 b5 8. a3 Bb7
9. f3 Nbd7 10. Qd2 Rc8 11. O-O Be7 12. Nb3 O-O 13. Kh1 d5 14. exd5 Nxd5 15. Nxd5
Bxd5 16. Rfd1 Ne5 17. Be2 Qc7 18. Rac1 Rfd8 19. Qe1 Nc4 20. Bxc4 bxc4 21. Nd4
c3 22. b4 a5 23. Nb5 Qc4 24. a4 axb4 25. Rd4 Qa2 26. Rg4 Qxa4 27. Nxc3 Qc6 28.
Nxd5 Qxd5 29. Rd4 Qc6 30. Rxd8+ Rxd8 31. Bd2 Qd6 32. Rd1 Bg5 33. Bc1 0-1

[Event "Ogolnopolska Olimpiada Mlodziezy w Sportach Umyslowych - C14"]
[Site "Walbrzych, Zamek Ksiaz"]
[Date "2013-04-17"]
[Round "5.9"]
[White "Klepek, Witold"]
[Black "Januszkiewicz, Wojciech"]
[Result "1-0"]
[WhiteTitle "I"]
[BlackTitle "I"]
[WhiteElo "1739"]
[BlackElo "1729"]

1. d4 Nf6 2. Nc3 d5 3. Bg5 g6 4. f3 Bg7 5. e4 dxe4 6. fxe4 O-O 7. Nf3 c6 8. Qd2
a5 9. e5 Nd5 10. Ne4 Bf5 11. Ng3 Be6 12. Bh6 f6 13. h4 Kf7 14. h5 Rh8 15. Ne4
Bf5 16. Bd3 Bxh6 17. Qxh6 Qf8 18. hxg6+ Bxg6 19. Neg5+ fxg5 20. Nxg5+ Ke8 21.
Bxg6+ Kd7 22. Qh3+ e6 23. Qxe6+ Kc7 24. Qf7+ Qxf7 25. Bxf7 Ne3 26. Kd2 Nxg2 27.
Rxh7 Rxh7 28. Nxh7 Na6 29. Rg1 Rh8 30. Rxg2 Rxh7 31. Bc4 Nb8 32. Rf2 b5 33. Rf7+
Rxf7 34. Bxf7 Kd8 35. Kd3 Ke7 36. Bh5 Na6 37. a3 Nc7 38. c4 Ne6 39. Bf3 Kd7 40.
Bg4 1-0

[Event "Ogolnopolska Olimpiada Mlodziezy w Sportach Umyslowych - C14"]
[Site "Walbrzych, Zamek Ksiaz"]
[Date "2013-04-17"]
[Round "5.10"]
[White "Pham, Juliusz"]
[Black "Badyra, Wasyl"]
[Result "1-0"]
[WhiteTitle "I"]
[BlackTitle "II"]
[WhiteElo "1795"]
[BlackElo "1681"]

1. e4 d5 2. exd5 Nf6 3. d4 Nxd5 4. Nf3 g6 5. Bc4 Bg7 6. O-O O-O 7. c3 Nc6 8. Nbd2
Bg4 9. h3 Bf5 10. Re1 Nf6 11. Nf1 Qd7 12. Bf4 Rad8 13. Ne3 Ne8 14. Ne5 Nxe5 15.
dxe5 Qc8 16. Qb3 c6 17. Bg5 b5 18. Bf1 Be6 19. Qa3 f6 20. exf6 exf6 21. Bf4 a6
22. Rad1 Nc7 23. Qe7 Nd5 24. Nxd5 Bxd5 25. b3 Rfe8 26. Qc5 Bf8 27. Rxe8 Rxe8 28.
Bd6 Bxd6 29. Qxd6 Qe6 30. Qc5 Qe7 31. Qb6 Qe6 32. Rd4 f5 33. c4 Be4 34. Qc7 Re7
35. Rd8+ Kg7 36. Qb8 Qf7 37. a4 bxa4 38. bxa4 f4 39. Qb2+ Kh6 40. Qd4 g5 41. Rd6+
Re6 42. Qe5 Rxd6 43. Qxd6+ Qg6 44. c5 a5 45. Qd2 Qf5 46. Qxa5 g4 47. hxg4 Qxg4
48. Qd2 Kg6 49. f3 Qf5 50. fxe4 Qxc5+ 51. Qf2 Qb4 52. Qxf4 Qxa4 53. Qf5+ Kg7 54.
Qd7+ Kg6 55. e5 Qf4 56. Bd3+ Kg5 57. Qg7+ Kh5 58. Qxh7+ Kg4 59. Qe4 Kh5 60. Qxf4
c5 61. e6 1-0

[Event "Ogolnopolska Olimpiada Mlodziezy w Sportach Umyslowych - C14"]
[Site "Walbrzych, Zamek Ksiaz"]
[Date "2013-04-17"]
[Round "5.11"]
[White "Belczewski, Jacek"]
[Black "Bilczewski, Kacper"]
[Result "0-1"]
[WhiteTitle "II+"]
[BlackTitle "I"]
[WhiteElo "1650"]
[BlackElo "1791"]

1. d4 Nf6 2. f4 c5 3. e3 cxd4 4. exd4 g6 5. Nf3 d6 6. Bd3 Bg7 7. O-O O-O 8. c3
Nc6 9. Be3 Re8 10. Bf2 Ng4 11. d5 Nxf2 12. Rxf2 Nb8 13. Kh1 Nd7 14. Qc2 Nc5 15.
Na3 Nxd3 16. Qxd3 Bf5 17. Qd2 Rc8 18. Re1 Qa5 19. c4 Qxd2 20. Rxd2 a6 21. Nd4
Bd7 22. Kg1 e6 23. dxe6 fxe6 24. Nf3 Bc6 25. Nd4 e5 26. Nxc6 Rxc6 27. b3 Kf7 28.
Rde2 Rcc8 29. fxe5 dxe5 30. Nc2 Rcd8 31. Nb4 Rd4 32. Nc2 Rd6 33. Nb4 Rc8 34. Nd5
b5 35. Re4 bxc4 36. bxc4 Rdc6 37. Rc1 Rc5 38. Nb4 Ra5 39. Rc2 Ke6 40. g4 Ra3 41.
Nd5 Kd6 42. Nb6 Rc6 43. Nd5 Kc5 44. Ne7 Rd6 45. Nd5 Ra4 46. Kf2 Ra3 47. Rb2 Ra4
48. Rc2 Rd8 49. Ke3 Ra3+ 50. Kf2 Rf8+ 51. Kg2 Rf7 52. Rb2 Rd3 53. Nb4 Rd4 54.
Nxa6+ Kxc4 55. Rbe2 Kb5 56. Rxd4 exd4 57. Re6 d3 58. Rd6 d2 59. Rxd2 Kxa6 60.
h4 Kb6 61. g5 Kc5 62. Kg3 Bd4 63. Kg4 Kd5 64. h5 Ke4 65. hxg6 hxg6 66. Re2+ Be3
67. Rc2 Rf5 68. Rc4+ Kd3 69. Rc6 Rxg5+ 70. Kf3 Rf5+ 71. Kg4 Rf4+ 72. Kg3 g5 73.
Ra6 Rc4 74. a4 Bf4+ 75. Kg4 Kd4 76. Ra8 Kc5 77. a5 Ra4 78. a6 Kb6 79. a7 Rxa7
80. Rc8 Rc7 81. Rd8 Kc6 82. Rd3 Rd7 83. Rc3+ Kd5 84. Rd3+ Ke6 85. Rc3 Ke5 86.
Rc5+ Ke4 87. Rc6 Ke3 88. Kh3 Kf3 89. Rc3+ Be3 0-1

[Event "Ogolnopolska Olimpiada Mlodziezy w Sportach Umyslowych - C14"]
[Site "Walbrzych, Zamek Ksiaz"]
[Date "2013-04-17"]
[Round "5.12"]
[White "Fukowski, Pawel"]
[Black "Szmer, Aleksander"]
[Result "1-0"]
[WhiteTitle "I"]
[BlackTitle "I"]
[WhiteElo "1641"]
[BlackElo "1739"]

1. d4 Nf6 2. c4 e5 3. d5 Bb4+ 4. Bd2 Bxd2+ 5. Nxd2 d6 6. e4 a5 7. Bd3 Nbd7 8. Ngf3
Nc5 9. Qc2 a4 10. h3 Nh5 11. g3 O-O 12. Nh4 Bd7 13. Be2 Nf6 14. Ng2 Re8 15. Ne3
Qb8 16. g4 h6 17. O-O b5 18. b4 axb3 19. axb3 bxc4 20. Nexc4 Qb4 21. f3 Reb8 22.
Rxa8 Rxa8 23. Rb1 Nh7 24. Nf1 Nf8 25. Nfe3 Ng6 26. Ng2 Rb8 27. Nd2 Qd4+ 28. Kf1
Rb4 29. Nc4 Nb7 30. Rd1 Qc5 31. h4 Na5 32. h5 Nf8 33. Rb1 Nxb3 34. Nge3 Nd4 35.
Qd1 Ba4 36. Qe1 Nxe2 37. Qxb4 Qxb4 38. Rxb4 Nc3 39. Nb2 Bd7 40. Kf2 Nh7 41. Rb8+
1-0

[Event "Ogolnopolska Olimpiada Mlodziezy w Sportach Umyslowych - C14"]
[Site "Walbrzych, Zamek Ksiaz"]
[Date "2013-04-17"]
[Round "5.13"]
[White "Nowak, Kamil"]
[Black "Kaczkowski, Maciej"]
[Result "1/2-1/2"]
[WhiteTitle "II+"]
[BlackTitle "II"]
[WhiteElo "1728"]
[BlackElo "1651"]

1. Nf3 d5 2. d4 e6 3. c4 Be7 4. Nc3 Nf6 5. Bf4 O-O 6. e3 b6 7. Rc1 Bb7 8. cxd5
exd5 9. Bd3 Nbd7 10. O-O c5 11. h3 c4 12. Bb1 a6 13. Nd2 b5 14. f3 Nb6 15. Qe1
Rc8 16. a3 Bc6 17. g4 a5 18. g5 Nh5 19. Qh4 g6 20. Ne2 h6 21. Qg4 Bxg5 22. h4
Nxf4 23. exf4 Bxh4 24. Bxg6 Kh8 25. Qh5 fxg6 26. Qxh6+ Kg8 27. Qxg6+ Kh8 28. Qh6+
Kg8 29. Qg6+ Kh8 30. Qh6+ Kg8 31. Qg6+ Kh8 32. Qh6+ 1/2-1/2

[Event "Ogolnopolska Olimpiada Mlodziezy w Sportach Umyslowych - C14"]
[Site "Walbrzych, Zamek Ksiaz"]
[Date "2013-04-17"]
[Round "5.14"]
[White "Czerniawski, Krzysztof"]
[Black "Kotarski, Bartosz"]
[Result "0-1"]
[WhiteTitle "I"]
[BlackTitle "II"]
[WhiteElo "1696"]
[BlackElo "1449"]

1. f4 c5 2. Nf3 e6 3. b3 Be7 4. Bb2 Bf6 5. Nc3 d5 6. d3 Ne7 7. e4 Ng6 8. g3 Nc6
9. Bg2 O-O 10. O-O a6 11. Kh1 b5 12. e5 Be7 13. Ne2 Rb8 14. d4 c4 15. Bc1 Qb6
16. g4 Nh4 17. f5 exf5 18. Nxh4 Bxh4 19. gxf5 Ne7 20. f6 gxf6 21. Bh6 Re8 22.
Nf4 fxe5 23. Qh5 exf4 24. Bxf4 Ng6 25. Bxb8 Qxb8 26. Rxf7 Kxf7 27. Qxh7+ Kf6 28.
Rf1+ Kg5 29. Bxd5 Rh8 30. Qf7 Qd6 31. Qf3 Bg3 32. Kg1 Bxh2+ 33. Kf2 Rf8 34. Bf7
Qxd4+ 35. Qe3+ 0-1

[Event "Ogolnopolska Olimpiada Mlodziezy w Sportach Umyslowych - C14"]
[Site "Walbrzych, Zamek Ksiaz"]
[Date "2013-04-17"]
[Round "5.15"]
[White "Szulc, Filip"]
[Black "Snihur, Adam"]
[Result "1-0"]
[WhiteTitle "II+"]
[BlackTitle "II"]
[WhiteElo "1615"]
[BlackElo "1683"]

1. e4 c5 2. Nf3 d6 3. d4 cxd4 4. Nxd4 Nf6 5. f3 a6 6. c4 e6 7. Nc3 Nbd7 8. Be3
b6 9. Qd2 Bb7 10. Be2 Be7 11. O-O Rc8 12. Rac1 O-O 13. Rfd1 Qc7 14. a3 Rfd8 15.
b4 Qb8 16. Na4 d5 17. exd5 exd5 18. Nf5 Bd6 19. Nxd6 Qxd6 20. c5 bxc5 21. Nxc5
Nxc5 22. Bxc5 Qe6 23. Bd4 Nd7 24. Bd3 f6 25. Qf4 Ne5 26. Bf5 Qd6 27. Bxc8 Bxc8
28. Re1 Bb7 29. Bxe5 fxe5 30. Qxe5 Qxe5 31. Rxe5 Rd7 32. Kf2 Kf7 33. Ke3 d4+ 34.
Kd3 Bd5 35. Rc5 Be6 36. Rc6 Ba2 37. Rec5 Bb1+ 38. Kd2 d3 39. Rc7 1-0

[Event "Ogolnopolska Olimpiada Mlodziezy w Sportach Umyslowych - C14"]
[Site "Walbrzych, Zamek Ksiaz"]
[Date "2013-04-17"]
[Round "5.16"]
[White "Szustakowski, Antoni"]
[Black "Oleszek, Maciej"]
[Result "1/2-1/2"]
[WhiteTitle "II"]
[BlackTitle "II+"]
[WhiteElo "1531"]
[BlackElo "1667"]

1. d4 d5 2. c4 c6 3. e3 Nf6 4. Nc3 e6 5. Nf3 Bd6 6. Qc2 O-O 7. Be2 Nbd7 8. O-O
a6 9. e4 dxe4 10. Ng5 Be7 11. Ngxe4 Nxe4 12. Nxe4 Nf6 13. Rd1 Qc7 14. Bg5 Nxe4
15. Bxe7 Qxe7 16. Qxe4 Re8 17. Bd3 g6 18. Re1 Qf6 19. Rad1 Bd7 20. c5 Rad8 21.
Bc2 Qg7 22. Bb3 Kh8 23. f4 Kg8 24. Bc2 Qh6 25. Re3 Qg7 26. Ree1 Qh6 27. Re3 Qg7
28. Ree1 Qh6 29. Re3 Qg7 1/2-1/2

[Event "Ogolnopolska Olimpiada Mlodziezy w Sportach Umyslowych - C14"]
[Site "Walbrzych, Zamek Ksiaz"]
[Date "2013-04-17"]
[Round "5.18"]
[White "Klementowski, Dawid"]
[Black "Bandyk, Sebastian"]
[Result "0-1"]
[WhiteTitle "I"]
[BlackTitle "II+"]
[WhiteElo "1734"]
[BlackElo "1582"]

1. e4 c5 2. Nf3 e6 3. c4 Nc6 4. Nc3 e5 5. d3 g6 6. Be2 Bg7 7. Nd5 d6 8. O-O Nge7
9. Bg5 O-O 10. Nf6+ Kh8 11. Qd2 h6 12. Bh4 g5 13. Nxg5 Ng6 14. Nfh7 hxg5 15. Bxg5
f6 16. Nxf8 Nxf8 17. Bh6 Qe7 18. Bh5 Nd4 19. Kh1 Nfe6 20. Rac1 Bd7 21. Qe3 Rg8
22. g4 Kh7 23. Bxg7 Qxg7 24. Qh3 Nf4 25. Qh4 Qh6 26. f3 Nxd3 27. Rb1 Nf4 28. Rf2
Rg5 29. b3 Nxh5 30. gxh5 Rxh5 31. Qg3 Rg5 32. Qxg5 fxg5 33. b4 b6 0-1

[Event "Ogolnopolska Olimpiada Mlodziezy w Sportach Umyslowych - C14"]
[Site "Walbrzych, Zamek Ksiaz"]
[Date "2013-04-17"]
[Round "5.19"]
[White "Ruttar, Lukasz"]
[Black "Michalski, Filip"]
[Result "1/2-1/2"]
[WhiteTitle "II"]
[BlackTitle "II"]
[WhiteElo "1471"]
[BlackElo "1665"]

1. e4 e6 2. d4 d5 3. exd5 exd5 4. c4 Nf6 5. Nc3 c6 6. Nf3 Bg4 7. Bf4 Be7 8. cxd5
Nxd5 9. Bg3 O-O 10. Be2 Bb4 11. Rc1 Qa5 12. Qb3 Re8 13. Kd1 Nxc3+ 14. bxc3 Ba3
15. Rc2 b5 16. Ng5 Be6 17. Nxe6 Rxe6 18. Bg4 Re8 19. Re1 Rxe1+ 20. Kxe1 Bf8 21.
d5 Qb6 22. c4 Na6 23. dxc6 Re8+ 24. Re2 Bb4+ 25. Kf1 Rxe2 26. Bxe2 bxc4 27. Qxc4
Bc5 28. Qe4 Bf8 29. Bd3 g6 30. Qe8 Nc7 31. Qd8 Qxc6 32. Qxc7 Qa4 33. Qc2 Qd4 34.
f3 Bc5 35. Bf2 Qa1+ 36. Qb1 Qe5 37. Bxc5 Qxc5 38. f4 Qc6 39. Qe1 Qa4 40. Qe2 Qxf4+
41. Kg1 Qc1+ 42. Qf1 Qe3+ 43. Kh1 Qd2 44. h3 a5 45. Bc4 Qd7 46. Qe2 Qf5 47. a4
Qb1+ 48. Qf1 Qb7 49. Bb5 Qe4 50. Qc1 Qe5 51. Qf1 Qe4 52. Qf3 Qe1+ 53. Kh2 Qe5+
54. Qg3 Qc5 55. Qe1 Qc7+ 56. Kh1 h5 57. Qe8+ Kg7 58. Qc6 Qe5 59. Qf3 Qe1+ 60.
Qf1 Qe5 61. Bc4 Qe7 62. Qa1+ Kg8 63. Qc3 Qd8 64. Qf3 Qc7 65. Qa8+ Kg7 66. Qd5
Kg8 67. Qb5 Kg7 68. Qd5 Kg8 69. Qb5 Kg7 70. Qb2+ Kg8 71. Bb5 Qd6 72. Qe2 Qc7 1/2-1/2

[Event "Ogolnopolska Olimpiada Mlodziezy w Sportach Umyslowych - C14"]
[Site "Walbrzych, Zamek Ksiaz"]
[Date "2013-04-17"]
[Round "5.20"]
[White "Fudalej, Slawomir"]
[Black "Rudecki, Bartosz"]
[Result "1-0"]
[WhiteTitle "II+"]
[BlackTitle "II"]
[WhiteElo "1620"]
[BlackElo "1649"]

1. e4 g6 2. d4 c5 3. Nf3 Bg7 4. c3 cxd4 5. cxd4 d6 6. Nc3 Nf6 7. Bd3 Bg4 8. Be3
Nc6 9. Be2 O-O 10. h3 Bxf3 11. Bxf3 Rc8 12. Qd2 Nd7 13. O-O a6 14. Rac1 b5 15.
Be2 e5 16. d5 Nd4 17. Bd3 Nb6 18. b3 b4 19. Ne2 a5 20. Ba6 Rxc1 21. Rxc1 Nxe2+
22. Qxe2 Nd7 23. Qb5 Nf6 24. Bb6 Qd7 25. Qxd7 Nxd7 26. Bxa5 Nc5 27. Bc4 Rb8 28.
Bc7 Rb7 29. Ba5 Nxe4 30. Bd3 Nc5 31. Bf1 Kf8 32. Rc4 Ke7 33. Bxb4 Na6 34. Ba3
Nc7 35. Rc6 Ne8 36. Bb2 f5 37. Bc4 Nf6 38. a4 Kd7 39. Ba3 Bf8 40. b4 Rc7 41. Rxc7+
Kxc7 42. a5 Nd7 43. Bb5 Nf6 44. Bc6 Ne4 45. b5 Nc5 46. b6+ Kb8 47. Bxc5 dxc5 1-0

[Event "Ogolnopolska Olimpiada Mlodziezy w Sportach Umyslowych - C14"]
[Site "Walbrzych, Zamek Ksiaz"]
[Date "2013-04-17"]
[Round "5.21"]
[White "Pytel, Przemyslaw"]
[Black "Domanski, Lukasz"]
[Result "1-0"]
[WhiteTitle "II"]
[BlackTitle "II"]
[WhiteElo "1389"]
[BlackElo "1637"]

1. e4 c5 2. Nf3 e6 3. d4 cxd4 4. Nxd4 a6 5. Bd3 Nf6 6. O-O Qc7 7. c4 Nc6 8. Be3
Ne5 9. Qe2 Neg4 10. g3 Nxe3 11. fxe3 Be7 12. Nc3 b6 13. Rae1 Bb7 14. Qg2 O-O 15.
Qh3 h6 16. Re2 Nh7 17. Ref2 Ng5 18. Qg2 Bb4 19. h4 Nh7 20. Nce2 f5 21. a3 Be7
22. Nc3 Nf6 23. Nb3 Bd6 24. Rf3 fxe4 25. Nxe4 Nxe4 26. Rxf8+ Rxf8 27. Rxf8+ Kxf8
28. Bxe4 Bxe4 29. Qxe4 Bxg3 30. Nd4 Qe5 31. Qxe5 Bxe5 32. Kg2 Bxd4 33. exd4 Ke7
34. Kf3 Kf6 35. b4 Kf5 36. a4 e5 37. d5 a5 38. c5 e4+ 39. Ke3 Ke5 40. cxb6 Kd6
41. Kxe4 g6 42. Kf4 g5+ 43. hxg5 hxg5+ 44. Kxg5 Kxd5 45. b7 1-0

[Event "Ogolnopolska Olimpiada Mlodziezy w Sportach Umyslowych - C14"]
[Site "Walbrzych, Zamek Ksiaz"]
[Date "2013-04-17"]
[Round "5.22"]
[White "Slomczewski, Michal"]
[Black "Kozakow, Aleksy"]
[Result "1/2-1/2"]
[WhiteTitle "II"]
[BlackTitle "II+"]
[WhiteElo "1541"]
[BlackElo "1619"]

1. e4 e5 2. Nf3 Nc6 3. Bb5 f5 4. d3 Nf6 5. O-O Be7 6. Re1 O-O 7. exf5 d6 8. Nc3
Bxf5 9. h3 Bg6 10. Nh2 Nd4 11. Bg5 Nxb5 12. Nxb5 c6 13. Nc3 Qc7 14. Ng4 Nxg4 15.
Qxg4 Bxg5 16. Qxg5 Qb6 17. Qd2 Rf6 18. Rf1 Raf8 19. Ne4 Bxe4 20. dxe4 Qc7 21.
Rad1 Rg6 22. f4 Rxf4 23. Rxf4 exf4 24. Qxf4 Qb6+ 25. Kh1 Rf6 26. Qg3 h6 27. e5
dxe5 28. Qxe5 Qf2 29. Qe4 Rf7 30. Rd8+ Rf8 31. Rxf8+ Qxf8 32. a4 a6 33. b4 Qf7
34. c4 Qd7 35. Qe2 Qd4 36. b5 Qa1+ 37. Kh2 Qxa4 38. Qe8+ 1/2-1/2

[Event "Ogolnopolska Olimpiada Mlodziezy w Sportach Umyslowych - C14"]
[Site "Walbrzych, Zamek Ksiaz"]
[Date "2013-04-17"]
[Round "5.23"]
[White "Molenda, Mikolaj"]
[Black "Tylenda, Krzysztof"]
[Result "1-0"]
[WhiteTitle "II"]
[BlackTitle "II+"]
[WhiteElo "1346"]
[BlackElo "1507"]

1. e4 c5 2. Nf3 Nc6 3. c3 g6 4. Bd3 Bg7 5. Bc2 d6 6. h3 Bd7 7. O-O Nf6 8. d4 cxd4
9. cxd4 O-O 10. Nc3 Ne8 11. Re1 Nc7 12. Be3 Na5 13. Qd3 b5 14. b3 b4 15. Ne2 d5
16. e5 Bf5 17. Qd2 Bxc2 18. Qxc2 Nb5 19. Qc5 Na3 20. Rac1 Qb6 21. Qxd5 Rfc8 22.
Bd2 e6 23. Qe4 Qb7 24. Qxb7 Nxb7 25. Rxc8+ Rxc8 26. Bxb4 Nb5 27. a4 a5 28. Bxa5
Nxa5 29. axb5 Nxb3 30. Rb1 Na5 31. Kf1 Rb8 32. Ke1 Nc4 33. Nd2 Na3 34. Rb3 Bf8
35. Kd1 Rxb5 36. Nc3 Rxb3 37. Nxb3 Bb4 38. Ne4 Nb5 39. Kc2 Kf8 40. Kd3 Nc7 41.
Nbc5 Nd5 42. Kc4 Be1 43. Nd3 Ba5 44. g3 Ke7 45. Kb5 Bb6 46. Ndc5 Bc7 47. Na6 Bd8
48. Nb8 Kf8 49. Nc6 Be7 50. Nxe7 Kxe7 51. Kc5 h6 52. Nd2 Nc3 53. Kc4 Nd5 54. Nb1
Nb6+ 55. Kd3 Nd5 56. Nc3 Nc7 57. Kc4 h5 58. d5 Kd7 59. d6 Ne8 60. Ne4 Kd8 61.
Kc5 Kd7 62. Ng5 f6 63. Nf7 f5 64. f4 Ng7 65. Nh8 g5 66. fxg5 h4 67. gxh4 f4 68.
Kd4 f3 69. Ke3 Nf5+ 70. Kxf3 1-0

[Event "Ogolnopolska Olimpiada Mlodziezy w Sportach Umyslowych - C14"]
[Site "Walbrzych, Zamek Ksiaz"]
[Date "2013-04-17"]
[Round "6.1"]
[White "Tomczak, Mikolaj"]
[Black "Janik, Igor"]
[Result "1/2-1/2"]
[WhiteTitle "I+"]
[BlackTitle "I+"]
[WhiteElo "1990"]
[BlackElo "1889"]

1. e4 c5 2. Nf3 d6 3. d4 cxd4 4. Nxd4 Nf6 5. Nc3 g6 6. Be3 Bg7 7. f3 O-O 8. Qd2
Nc6 9. O-O-O d5 10. exd5 Nxd5 11. Nxc6 bxc6 12. Bd4 Bxd4 13. Qxd4 Qc7 14. Bc4
Bf5 15. Bxd5 cxd5 16. f4 Rfd8 17. Rhe1 Rac8 18. Rd2 e6 19. g3 Qa5 20. Re5 Qa6
21. b3 Rd6 22. g4 Rdc6 23. gxf5 Rxc3 24. fxe6 fxe6 25. Kb2 Qc6 26. Ree2 Qd7 27.
Qf6 R3c6 28. Kb1 Qf7 29. Qe5 Rf8 30. Rd4 Qf5 31. Kb2 Rfc8 32. Qxf5 gxf5 33. Rd3
R8c7 34. Rde3 Kf7 35. Rh3 Kg7 36. Rg2+ Kf8 37. Rhg3 Rf7 38. Rg8+ Ke7 39. Ra8 Kf6
40. Rgg8 Rcc7 41. a4 e5 42. fxe5+ 1/2-1/2

[Event "Ogolnopolska Olimpiada Mlodziezy w Sportach Umyslowych - C14"]
[Site "Walbrzych, Zamek Ksiaz"]
[Date "2013-04-17"]
[Round "6.2"]
[White "Grela, Kacper"]
[Black "Winiarski, Mikolaj"]
[Result "1/2-1/2"]
[WhiteTitle "I"]
[BlackTitle "I+"]
[WhiteElo "1979"]
[BlackElo "2096"]

1. e4 e5 2. Nf3 Nc6 3. Bb5 a6 4. Ba4 Nf6 5. O-O b5 6. Bb3 Be7 7. Re1 O-O 8. h3
d6 9. c3 Na5 10. Bc2 c5 11. d3 Bb7 12. Nbd2 Re8 13. Nf1 Bf8 14. Ng3 g6 15. a4
Bg7 16. d4 Qc7 17. d5 c4 18. Nh2 Nd7 19. Qg4 Nc5 20. Be3 Nab3 21. Ra3 Nxa4 22.
Bxb3 cxb3 23. Rxb3 Bc8 24. Qf3 Rf8 25. Ng4 f5 26. Nh6+ Bxh6 27. Bxh6 Rf7 28. exf5
Bxf5 29. Nxf5 Rxf5 30. Qd1 Qf7 31. f3 Nb6 32. Re2 Rh5 33. Be3 Nxd5 34. Ra3 Rf5
35. Bf2 Nf4 36. Rd2 d5 37. Be3 e4 38. fxe4 dxe4 39. Rd8+ Rxd8 40. Qxd8+ Qf8 41.
Qxf8+ Kxf8 42. Rxa6 Nd5 43. Bd4 Kf7 44. Ra7+ Ne7 45. g4 Rd5 46. Kf2 Ke6 47. Ke3
Nc8 48. Rxh7 Nd6 49. Rg7 g5 50. b4 Ne8 51. Ra7 Nd6 52. Rh7 Nf7 53. Kxe4 Rd7 54.
Ke3 Rd8 55. Rg7 Ra8 56. Rg6+ Kd5 57. Rf6 Nd6 58. Rh6 Nc4+ 59. Kf3 Nd2+ 60. Ke2
Ra2 61. Ke3 Nf1+ 62. Kf3 Nh2+ 63. Ke3 Nf1+ 1/2-1/2

[Event "Ogolnopolska Olimpiada Mlodziezy w Sportach Umyslowych - C14"]
[Site "Walbrzych, Zamek Ksiaz"]
[Date "2013-04-17"]
[Round "6.3"]
[White "Walter, Szymon"]
[Black "Witczak, Jakub"]
[Result "0-1"]
[WhiteTitle "I+"]
[BlackTitle "II+"]
[WhiteElo "1925"]
[BlackElo "1749"]

1. e4 e5 2. Nf3 Nc6 3. d4 exd4 4. Bc4 Bc5 5. c3 Nf6 6. cxd4 Bb4+ 7. Bd2 Bxd2+ 8.
Nbxd2 d5 9. exd5 Nxd5 10. Qb3 Nce7 11. O-O O-O 12. Ne5 c6 13. Ne4 Qb6 14. Nc5
Qxb3 15. axb3 Rd8 16. Rfe1 Kf8 17. Rad1 f6 18. Ned3 b6 19. Ne4 Nf5 20. Bxd5 Rxd5
21. Nf4 Rxd4 22. Rxd4 Nxd4 23. Rd1 Ne6 24. Nd3 c5 25. f3 Ba6 26. Ndf2 Be2 27.
Rd7 Bb5 28. Rd1 Rd8 29. Rxd8+ Nxd8 30. Nd6 Ba6 31. Nfe4 Nf7 32. Nf5 g6 33. Ne3
f5 34. Nf6 h6 35. Ned5 Bb7 36. Kf2 Ne5 37. Ke3 Kf7 38. Kf4 Ke6 0-1

[Event "Ogolnopolska Olimpiada Mlodziezy w Sportach Umyslowych - C14"]
[Site "Walbrzych, Zamek Ksiaz"]
[Date "2013-04-17"]
[Round "6.4"]
[White "Szostko, Jakub"]
[Black "Wacior, Maciej"]
[Result "0-1"]
[WhiteTitle "I+"]
[BlackTitle "II+"]
[WhiteElo "1858"]
[BlackElo "1703"]

1. e4 c6 2. Nf3 d5 3. Nc3 Bg4 4. h3 Bxf3 5. Qxf3 e6 6. d3 Nf6 7. Bd2 d4 8. Ne2
c5 9. g4 Nc6 10. Qg3 c4 11. g5 Nh5 12. Qg2 cxd3 13. cxd3 Nb4 14. Bxb4 Bxb4+ 15.
Kd1 Rc8 16. Qg4 g6 17. Rc1 O-O 18. a3 Qa5 19. axb4 Qa4+ 20. Ke1 Qxb4+ 21. Kd1
Qb3+ 22. Ke1 Rxc1+ 23. Nxc1 Qxb2 24. Qd1 Rc8 25. Ne2 Nf4 26. Nxf4 Rc1 27. Bg2
Rxd1+ 28. Kxd1 a5 0-1

[Event "Ogolnopolska Olimpiada Mlodziezy w Sportach Umyslowych - C14"]
[Site "Walbrzych, Zamek Ksiaz"]
[Date "2013-04-17"]
[Round "6.5"]
[White "Adamczewski, Maciej"]
[Black "Wisniewski, Michal"]
[Result "0-1"]
[WhiteTitle "I"]
[BlackTitle "I"]
[WhiteElo "1810"]
[BlackElo "1848"]

1. d4 Nf6 2. c4 c5 3. d5 b5 4. Nf3 d6 5. Qc2 g6 6. e4 Bg7 7. cxb5 a6 8. Nc3 O-O
9. Be2 axb5 10. Bxb5 Ba6 11. O-O Qb6 12. a4 Nbd7 13. Nd2 Bxb5 14. Nxb5 Ra6 15.
Nc4 Qb7 16. Rb1 Ng4 17. Bg5 Nb6 18. Nxb6 Rxb6 19. h3 Nf6 20. b3 Rc8 21. Be3 Ne8
22. Bd2 Nc7 23. Nxc7 Rxc7 24. Ba5 Rb4 25. Rfc1 Rc8 26. Bxb4 Qxb4 27. Qc4 Qd2 28.
Rc2 Qa5 29. b4 Qxa4 30. Ra2 Qd7 31. b5 e6 32. b6 Rb8 33. Rb5 exd5 34. exd5 Qd8
35. b7 Bd4 36. Re2 Qd7 37. Qb3 Kg7 38. Rb6 c4 39. Qb5 Qc7 40. Rc6 Rxb7 41. Qxc4
Rb1+ 42. Kh2 Qa7 43. Rc7 Qa1 44. Rxf7+ Kxf7 45. Qc7+ Kf6 46. Qxd6+ Kg5 47. h4+
Kh5 48. g4+ Kxh4 49. Qg3+ Kg5 50. f4+ Kf6 51. Qh4+ Kg7 52. Qe7+ Kh6 53. g5+ Kh5
54. Qxh7+ Kg4 55. Qh3+ Kxf4 56. Qg3+ Kf5 57. Qd3+ Kxg5 58. Qg3+ Kh6 59. Qf4+ Kh7
60. Re7+ Bg7 61. Qh4+ Kg8 62. Re8+ Bf8 63. Rxf8+ Kxf8 64. Qd8+ Kg7 65. Qe7+ Kg8
66. Qe6+ Kh8 67. Qc8+ Kh7 68. Qh3+ Kg8 69. Qe6+ Kh7 70. Qh3+ Kg7 71. Qd7+ Kh6
72. Qh3+ Kg5 73. Qe3+ Kf5 74. Qe6+ Kf4 75. Qf7+ Ke5 76. Qe6+ Kd4 77. Qg4+ Kxd5
78. Qd7+ Ke4 79. Qg4+ Kd3 80. Qxg6+ Kc3 81. Qc6+ Kb3 82. Qd5+ Kc2 83. Qe4+ Kc1
84. Qe1+ Kb2 85. Qb4+ Kc2 86. Qe4+ Kc3 87. Qe5+ Kc4 88. Qe6+ Kd4 89. Qd6+ Ke4
90. Qg6+ Ke5 91. Qe8+ Kd6 92. Qd8+ Ke6 93. Qe8+ Kf5 94. Qh5+ Kf6 95. Qh4+ Kf7
96. Qc4+ Kg7 97. Qg4+ Kh8 98. Qh5+ Kg8 99. Qg6+ Kf8 100. Qd6+ Ke8 101. Qe6+ Kd8
102. Qg8+ Kc7 103. Qc4+ Kb6 104. Qe6+ Ka7 105. Qe3+ Rb6 106. Qe7+ Ka6 107. Qe2+
Rb5 108. Kg3 Qe5+ 0-1